00615 2200181 4500245007900000020002200079250001100101100001600112700002300128650001600151005001900167260004200186041001400228084001100242300002300253500014800276336000900424 aThe Chronicles of Narnia b : Petualangan Dawn TreadercLewis, C. ShText a978-979-22-1748-3 aCet. 8 aLewis, C. S aIndah S. Praditina aNovel Fiksi a20231002080906 aJakartabGramedia Pustaka Utamac2010 aIndonesia a808.83 a344 hlm. :c18 cm. aSeorang raja dan beberapa temen seperjalanan yang tidak disangka sangka memulai pelayaran yang akan membawa mereka ke negri negri tak terjamah. atext